000 00902cab a2200253 4500
001 ABS44255
008 090401t1991 xxu||||| |||| 00| 0 eng d
035 _a(Sirsi) u46172
041 _aeng
245 _aNew housing orders
260 _c1991
350 _a0
490 _aBuilding Market Report
_vMarch 1991, 8-13 (6)
520 _aLatest DOE figures show that new housing starts fell in the last three months of 1990 in comparison with the previous six months with the exception of Scotland . The recent cut in interest rates have had little effect on the property market. Building material prices reflect trends with falling production and sale figures.
650 _aCBI
650 _aRECESSION
650 _aREPAIR AND MAINTENANCE
650 _aSAND AND GRAVEL
650 _aSLUMP
650 _aSTATISTICS
690 _aHOUSING-DEVELOPMENT
942 _n0
948 _c04/03/1997
999 _c29217
_d29217